[Event "Quebec op 3e RIDEF"]
[Site "Montreal CAN"]
[Date "2015.07.18"]
[Round "2.36"]
[White "Bolduc, Steve"]
[Black "Shi, Ling Yun"]
[Result "1-0"]
[WhiteElo "2166"]
[BlackElo "1723"]
[PlyCount "55"]
[GameId "2160767908854068"]
[EventDate "2015.07.17"]
[EventType "swiss"]
[EventRounds "9"]
[EventCountry "CAN"]

1. d4 d5 2. c4 e6 3. Nc3 Nf6 4. Nf3 Nbd7 5. Bg5 Be7 6. e3 O-O 7. Bd3 h6 8. Bh4 Re8 9. O-O c6 10. Rc1 Nf8 11. Re1 dxc4 12. Bxc4 Ng6 13. Bg3 Bd6 14. e4 Bxg3 15. hxg3 e5 16. Qb3 Qc7 17. d5 Re7 18. Qa3 cxd5 19. Nxd5 Nxd5 20. exd5 Qb6 21. Nh4 Qf6 22. Nxg6 fxg6 23. d6+ Rf7 24. Bxf7+ Qxf7 25. Rxe5 Be6 26. Rce1 Bf5 27. Re7 Qf8 28. d7 1-0

[Event "Quebec op 3e RIDEF"]
[Site "Montreal CAN"]
[Date "2015.07.18"]
[Round "3.21"]
[White "Helfst, Matt"]
[Black "Bolduc, Steve"]
[Result "0-1"]
[WhiteElo "1941"]
[BlackElo "2166"]
[PlyCount "46"]
[GameId "2160767908854124"]
[EventDate "2015.07.17"]
[EventType "swiss"]
[EventRounds "9"]
[EventCountry "CAN"]
[SourceTitle "hb 2015"]

1. c4 e5 2. Nc3 Nc6 3. Nf3 Nf6 4. a3 a5 5. g3 Bc5 6. Bg2 d6 7. O-O O-O 8. d3 h6 9. b3 Bf5 10. Bb2 Qd7 11. Re1 Bh3 12. Bh1 Rae8 13. e3 Bg4 14. Qc2 Qf5 15. Nd2 Qh5 16. Nf1 Nh7 17. Nd5 Ng5 18. Nd2 f5 19. Nxc7 f4 20. Bd5+ Kh8 21. exf4 Bxf2+ 22. Kxf2 Qxh2+ 23. Bg2 Nh3+ 0-1

[Event "Quebec op 3e RIDEF"]
[Site "Montreal CAN"]
[Date "2015.07.19"]
[Round "4.9"]
[White "Bolduc, Steve"]
[Black "Villegas, Pierre"]
[Result "0-1"]
[WhiteElo "2166"]
[BlackElo "2323"]
[PlyCount "108"]
[GameId "2160767908854182"]
[EventDate "2015.07.17"]
[EventType "swiss"]
[EventRounds "9"]
[EventCountry "CAN"]

1. c4 c5 2. g3 g6 3. Bg2 Bg7 4. Nf3 Nc6 5. e3 e5 6. Nc3 f5 7. O-O Nge7 8. a3 O-O 9. b4 d6 10. b5 Na5 11. d4 h6 12. Ne2 cxd4 13. exd4 Nxc4 14. Qb3 Be6 15. Nd2 e4 16. Bb2 d5 17. Rad1 Qb6 18. Bc3 a5 19. a4 Rfc8 20. Qa2 g5 21. Nb3 Ng6 22. Nc5 f4 23. f3 exf3 24. Rxf3 fxg3 25. hxg3 g4 26. Rfd3 Kh8 27. Nxe6 Qxe6 28. Re1 Qd6 29. Nf4 Nxf4 30. gxf4 Nb6 31. Qd2 Rf8 32. Bxa5 Nc4 33. Bb4 Qd7 34. Re7 Qf5 35. Qe2 Rxa4 36. Rxg7 Ra1+ 37. Rd1 Rxd1+ 38. Qxd1 Kxg7 39. Bxf8+ Kxf8 40. Qb3 Qxf4 41. Qb4+ Qd6 42. Qc5 Qxc5 43. dxc5 d4 44. Bxb7 Ke7 45. Bd5 Ne5 46. b6 Kd7 47. Kg2 h5 48. Kg3 d3 49. Bb3 d2 50. Kf2 Nd3+ 51. Ke3 g3 52. Ba4+ Kc8 53. Kf3 h4 54. c6 Nb2 0-1

[Event "Quebec op 3e RIDEF"]
[Site "Montreal CAN"]
[Date "2015.07.21"]
[Round "5.22"]
[White "Oen, Grant"]
[Black "Bolduc, Steve"]
[Result "0-1"]
[WhiteElo "1930"]
[BlackElo "2166"]
[PlyCount "60"]
[GameId "2160767908862455"]
[EventDate "2015.07.17"]
[EventType "swiss"]
[EventRounds "9"]
[EventCountry "CAN"]
[SourceTitle "hb 2015"]

1. d4 d5 2. c4 e6 3. Nc3 c6 4. cxd5 exd5 5. Bf4 Bf5 6. e3 Nf6 7. Nf3 Nbd7 8. h3 Be7 9. Bd3 Bg6 10. O-O O-O 11. Ne5 Nxe5 12. Bxe5 Ne4 13. Qc2 Nxc3 14. Bxg6 Ne2+ 15. Qxe2 hxg6 16. Rab1 a5 17. b3 Re8 18. Qb2 Bf8 19. a3 Qe7 20. b4 axb4 21. axb4 b5 22. Rfc1 Ra6 23. Rc3 Rc8 24. f3 Rca8 25. Qc1 Qd7 26. Bg3 Qf5 27. Be1 Ra2 28. Rxc6 Qd3 29. Bc3 Rc2 30. Qe1 Raa2 0-1

[Event "Quebec op 3e RIDEF"]
[Site "Montreal CAN"]
[Date "2015.07.22"]
[Round "6.17"]
[White "Bolduc, Steve"]
[Black "Turcotte, Jonathan"]
[Result "1/2-1/2"]
[WhiteElo "2166"]
[BlackElo "1999"]
[PlyCount "94"]
[GameId "2160767908862523"]
[EventDate "2015.07.17"]
[EventType "swiss"]
[EventRounds "9"]
[EventCountry "CAN"]

1. c4 c6 2. g3 d5 3. Bg2 Nf6 4. Nf3 dxc4 5. a4 g6 6. Na3 Bg7 7. Nxc4 Be6 8. b3 Nd5 9. Bb2 Bxb2 10. Nxb2 a5 11. O-O O-O 12. Nc4 Nb4 13. Re1 h6 14. d4 Nd7 15. e4 Kh7 16. Nh4 Nb6 17. Ne3 Qd7 18. f4 Bh3 19. Bxh3 Qxh3 20. Ng4 h5 21. Nf2 Qd7 22. Qd2 Rad8 23. Rad1 c5 24. d5 c4 25. bxc4 Nxc4 26. Qe2 Nb6 27. g4 hxg4 28. Nxg4 Nxa4 29. f5 g5 30. Qe3 Rg8 31. Qh3 Rh8 32. Ng6+ Kg7 33. Nxh8 Rxh8 34. f6+ exf6 35. Qf3 Qd6 36. e5 fxe5 37. Rxe5 f6 38. Rf5 Rh4 39. h3 Nb2 40. Nxf6 Qc5+ 41. Kh1 Nxd1 42. Ne8+ Kh7 43. Rxg5 Qf2 44. Nf6+ Kh6 45. Ng4+ Rxg4 46. Qxg4 Qf1+ 47. Kh2 Qf2+ 1/2-1/2

[Event "Quebec op 3e RIDEF"]
[Site "Montreal CAN"]
[Date "2015.07.23"]
[Round "7.19"]
[White "Gouvart, Stephane"]
[Black "Bolduc, Steve"]
[Result "0-1"]
[WhiteElo "1929"]
[BlackElo "2166"]
[PlyCount "122"]
[GameId "2160767908862591"]
[EventDate "2015.07.17"]
[EventType "swiss"]
[EventRounds "9"]
[EventCountry "CAN"]
[SourceTitle "hb 2015"]

1. e4 e5 2. Nc3 Nf6 3. Bc4 Nc6 4. d3 Na5 5. Nge2 Nxc4 6. dxc4 Bc5 7. O-O O-O 8. Bg5 h6 9. Bh4 c6 10. Qd3 Qe7 11. Rad1 d6 12. Na4 Be6 13. b3 Ba3 14. Nec3 g5 15. Bg3 Rad8 16. Nb1 Bb4 17. a3 Ba5 18. b4 Bc7 19. Qe2 a6 20. Rfe1 Nd7 21. Nbc3 f6 22. Rd2 b5 23. Nb2 Nb6 24. cxb5 axb5 25. Red1 Ra8 26. Nb1 Nc4 27. Nxc4 Bxc4 28. Qe3 Rfd8 29. Qf3 Kg7 30. h4 Qe6 31. h5 g4 32. Qe3 Qf7 33. Bh4 Qxh5 34. g3 Rd7 35. Kg2 Qg6 36. f4 gxf3+ 37. Qxf3 Rf8 38. Nc3 h5 39. a4 bxa4 40. Nxa4 Qg4 41. Qe3 Rb8 42. c3 Rf7 43. Nb2 Be6 44. Rh1 Bb6 45. Qf3 Qxf3+ 46. Kxf3 d5 47. Rf1 f5 48. exf5 Bxf5 49. Ke2 Bg4+ 50. Ke1 Rxf1+ 51. Kxf1 Rf8+ 52. Ke1 e4 53. Be7 Rf3 54. Bd6 Kf7 55. Nd1 Ke6 56. Bb8 Rf8 57. Bf4 Ra8 58. c4 Ra1 59. b5 Ba5 60. cxd5+ cxd5 61. b6 Bxb6 0-1

[Event "Quebec op 3e RIDEF"]
[Site "Montreal CAN"]
[Date "2015.07.24"]
[Round "8.10"]
[White "Bolduc, Steve"]
[Black "Maisuradze, Nino"]
[Result "1-0"]
[WhiteElo "2166"]
[BlackElo "2292"]
[PlyCount "123"]
[GameId "2160767908870844"]
[EventDate "2015.07.17"]
[EventType "swiss"]
[EventRounds "9"]
[EventCountry "CAN"]

1. c4 e5 2. g3 Nc6 3. Bg2 g6 4. Nc3 Bg7 5. d3 Nf6 6. e4 d6 7. Nge2 Nd7 8. O-O Nc5 9. f4 Nb4 10. Be3 Nbxd3 11. Qd2 Nb4 12. f5 O-O 13. Rad1 Nd7 14. c5 Nf6 15. Bg5 c6 16. Qxd6 Qxd6 17. Rxd6 Ne8 18. Rd2 Nc7 19. g4 f6 20. Be3 Re8 21. Rfd1 g5 22. a3 Nba6 23. Nc1 Bf8 24. b4 Kf7 25. Bf1 Nb8 26. Bc4+ Ke7 27. Nb3 Nd7 28. Na5 Nb8 29. Kf2 Bg7 30. Kf3 h6 31. Bb3 Rh8 32. Kg3 h5 33. h3 hxg4 34. hxg4 Rh7 35. Rd3 Rh8 36. Nc4 Nd7 37. Nd6 Nf8 38. a4 Rh7 39. b5 a5 40. Nc4 Bd7 41. Nb6 Rd8 42. Ncd5+ cxd5 43. Nxd5+ Nxd5 44. exd5 Bc8 45. c6 Rd6 46. Rc3 Rh4 47. cxb7 Bxb7 48. Rc7+ Rd7 49. d6+ Ke8 50. Bb6 Rxc7 51. dxc7 Nd7 52. Bxa5 Bf8 53. Bd5 Bc8 54. b6 Nc5 55. Bb4 e4 56. Bxc5 Bxc5 57. Bc6+ Ke7 58. b7 Rh8 59. b8=Q Bd6+ 60. Rxd6 Kxd6 61. Bxe4 Re8 62. Bf3 1-0

[Event "Choc des Generations"]
[Site "Montreal CAN"]
[Date "2015.06.26"]
[Round "1"]
[White "Lepine, Cedric"]
[Black "Bolduc, Steve"]
[Result "0-1"]
[WhiteElo "2069"]
[BlackElo "2188"]
[PlyCount "74"]
[GameId "2160767908913095"]
[EventDate "2015.06.26"]
[EventType "schev"]
[EventRounds "5"]
[EventCountry "CAN"]
[SourceTitle "EXT 2019"]
[Source "ChessBase"]
[SourceDate "2018.10.10"]
[SourceVersion "1"]
[SourceVersionDate "2018.10.10"]
[SourceQuality "1"]

1. d4 d5 2. Nf3 c6 3. e3 e6 4. Bd3 f5 5. Nbd2 Nf6 6. b3 a5 7. a3 Nbd7 8. Bb2 Bd6 9. O-O O-O 10. c4 Ne4 11. Ne5 Nxe5 12. dxe5 Bc7 13. Bxe4 fxe4 14. f3 exf3 15. Rxf3 Bd7 16. Rxf8+ Qxf8 17. Qg4 Qf5 18. Qxf5 exf5 19. Rc1 Be6 20. c5 Re8 21. Nf3 Bf7 22. Bc3 h6 23. h4 Bh5 24. Kf2 Bxf3 25. gxf3 Bxe5 26. Bxa5 f4 27. Bd2 fxe3+ 28. Bxe3 Bg3+ 29. Kxg3 Rxe3 30. Rb1 Rc3 31. b4 Rxa3 32. Kg4 Kf7 33. f4 Kf6 34. h5 Rc3 35. Rb2 Rc1 36. Kf3 Kf5 37. Rb3 Rc4 0-1

[Event "Choc des Generations"]
[Site "Montreal CAN"]
[Date "2015.06.27"]
[Round "3"]
[White "Bolduc, Steve"]
[Black "Yu, Zong Yang"]
[Result "1/2-1/2"]
[WhiteElo "2188"]
[BlackElo "2017"]
[PlyCount "73"]
[GameId "2160767908913104"]
[EventDate "2015.06.26"]
[EventType "schev"]
[EventRounds "5"]
[EventCountry "CAN"]
[SourceTitle "EXT 2019"]
[Source "ChessBase"]
[SourceDate "2018.10.10"]
[SourceVersion "1"]
[SourceVersionDate "2018.10.10"]
[SourceQuality "1"]

1. d4 Nf6 2. Nf3 e6 3. Bg5 c5 4. e3 b6 5. d5 h6 6. Bxf6 Qxf6 7. Nc3 d6 8. Be2 a6 9. a4 e5 10. Nd2 Qd8 11. O-O Be7 12. Rb1 O-O 13. b4 Nd7 14. Nc4 b5 15. axb5 axb5 16. Nxb5 Ba6 17. Nbxd6 cxb4 18. Nf5 Bc5 19. e4 Kh7 20. Nb2 g6 21. Bxa6 Rxa6 22. Qe2 Ra2 23. Ng3 Qa5 24. Nd3 Rc8 25. Nc1 Ra3 26. Nb3 Qc7 27. Nxc5 Qxc5 28. Rfd1 Rc3 29. Rd2 Qd6 30. h4 h5 31. Nf1 R8c4 32. Rb3 Rxb3 33. Qxc4 Rc3 34. Qb5 b3 35. cxb3 Nc5 36. f3 Nxb3 37. Rb2 1/2-1/2

[Event "Choc des Generations"]
[Site "Montreal CAN"]
[Date "2015.06.28"]
[Round "5"]
[White "Zhu, Hong Rui"]
[Black "Bolduc, Steve"]
[Result "1-0"]
[WhiteElo "2224"]
[BlackElo "2188"]
[PlyCount "105"]
[GameId "2160767908913118"]
[EventDate "2015.06.26"]
[EventType "schev"]
[EventRounds "5"]
[EventCountry "CAN"]
[SourceTitle "hb 2015"]

1. e4 e5 2. Bc4 Nf6 3. d4 exd4 4. Nf3 Bb4+ 5. c3 dxc3 6. bxc3 Bc5 7. e5 Ng4 8. Bxf7+ Kxf7 9. Qd5+ Ke8 10. Qxc5 d6 11. exd6 Qxd6 12. Qxd6 cxd6 13. O-O Nc6 14. Rd1 Nge5 15. Nxe5 dxe5 16. Nd2 b6 17. Nc4 Ba6 18. Nxe5 Nxe5 19. Re1 Kf7 20. Rxe5 Rhe8 21. Rxe8 Rxe8 22. Be3 Bc4 23. h3 Rd8 24. Bd4 Rd5 25. Kh2 Rb5 26. Kg3 Rg5+ 27. Kh2 Bd5 28. g4 Bc4 29. Kg3 h5 30. f4 Rb5 31. Be5 hxg4 32. hxg4 g5 33. Bd4 gxf4+ 34. Kxf4 Kg6 35. a3 Rb2 36. a4 Ra2 37. Rxa2 Bxa2 38. a5 bxa5 39. Bxa7 Kf6 40. Bc5 Bb1 41. Ba3 Ke6 42. c4 a4 43. Kg5 Bd3 44. c5 Be4 45. Kh6 Kf7 46. g5 Kg8 47. g6 Bg2 48. Kg5 Be4 49. Kf6 Bg2 50. Bb2 Be4 51. g7 Bg2 52. Ke6 a3 53. Ba1 1-0

[Event "Laval op"]
[Site "Laval CAN"]
[Date "2015.06.19"]
[Round "1"]
[White "Bolduc, Steve"]
[Black "Gauthier, Denis"]
[Result "1-0"]
[WhiteElo "2188"]
[BlackElo "1808"]
[PlyCount "83"]
[GameId "2160767908917305"]
[EventDate "2015.06.19"]
[EventType "swiss"]
[EventRounds "5"]
[EventCountry "CAN"]
[SourceTitle "hb 2015"]

1. c4 e5 2. g3 Nc6 3. Bg2 f5 4. Nc3 Nf6 5. a3 g6 6. d3 Bg7 7. e4 d6 8. Nge2 O-O 9. O-O Be6 10. Nd5 Qd7 11. Bg5 fxe4 12. dxe4 h6 13. Bd2 Bh3 14. f3 Bxg2 15. Kxg2 Rae8 16. Be3 Ne7 17. Qd2 Kh7 18. Rad1 Nc8 19. b4 c6 20. Ndc3 Qe6 21. Qa2 Nb6 22. Bxb6 axb6 23. Rd3 Rf7 24. Rfd1 Bf8 25. R1d2 Be7 26. Na4 Nd7 27. Qc2 Bf8 28. Nb2 Nf6 29. Qd1 Rd7 30. Nc3 Ra8 31. Nca4 Rf7 32. Nxb6 Re8 33. Rxd6 Bxd6 34. Rxd6 Qe7 35. c5 Ref8 36. N6c4 g5 37. Ne3 Rg8 38. Nf5 Qe8 39. g4 Rg6 40. Qb3 Nd7 41. Rxg6 Kxg6 42. Nd6 1-0

[Event "Laval op"]
[Site "Laval CAN"]
[Date "2015.06.20"]
[Round "2"]
[White "Sprumont, Oscar"]
[Black "Bolduc, Steve"]
[Result "0-1"]
[WhiteElo "1975"]
[BlackElo "2188"]
[PlyCount "92"]
[GameId "2160767908917329"]
[EventDate "2015.06.19"]
[EventType "swiss"]
[EventRounds "5"]
[EventCountry "CAN"]
[SourceTitle "hb 2015"]

1. Nf3 d5 2. c4 e6 3. g3 Nf6 4. Bg2 Be7 5. O-O O-O 6. d4 b6 7. Nc3 Bb7 8. Ne5 Nbd7 9. Bf4 c5 10. cxd5 exd5 11. Qa4 cxd4 12. Nxd5 Bxd5 13. Nxd7 Bxg2 14. Nxf6+ Bxf6 15. Kxg2 Qd5+ 16. Kg1 Rfe8 17. Rfe1 Re7 18. Rac1 g5 19. Bd2 Rae8 20. Qa6 Kg7 21. Bb4 Re6 22. Qd3 a5 23. Bd2 h5 24. Qb3 Qxb3 25. axb3 Rxe2 26. Kf1 Rxe1+ 27. Rxe1 Rxe1+ 28. Kxe1 Kg6 29. Ke2 Kf5 30. Kd3 Ke5 31. f4+ gxf4 32. Bxf4+ Kd5 33. Bd2 Be5 34. Be1 Bd6 35. Bf2 Bc5 36. Bg1 f5 37. Bf2 Ke5 38. Bg1 f4 39. gxf4+ Kxf4 40. Bf2 Kg4 41. Bg3 h4 42. Be5 Kf3 43. Bc7 h3 44. Be5 Kg2 45. Bc7 Bb4 46. Bg3 Be7 0-1

[Event "Laval op"]
[Site "Laval CAN"]
[Date "2015.06.21"]
[Round "4"]
[White "Johnson-Constantin, Mathieu"]
[Black "Bolduc, Steve"]
[Result "0-1"]
[WhiteElo "1719"]
[BlackElo "2188"]
[PlyCount "112"]
[GameId "2160767908917353"]
[EventDate "2015.06.19"]
[EventType "swiss"]
[EventRounds "5"]
[EventCountry "CAN"]
[SourceTitle "hb 2015"]

1. d4 d5 2. c4 e6 3. Nf3 c6 4. cxd5 exd5 5. Bf4 Bf5 6. Qb3 Qb6 7. Nbd2 Nf6 8. e3 Qxb3 9. Nxb3 Bb4+ 10. Nbd2 a5 11. Be2 h6 12. O-O Nbd7 13. a3 Be7 14. b3 O-O 15. h3 Rfc8 16. Rfc1 Ne8 17. Ne5 Nxe5 18. Bxe5 Nd6 19. f3 Nb5 20. e4 dxe4 21. fxe4 Bg5 22. exf5 Bxd2 23. Rd1 Be3+ 24. Kf1 Rd8 25. Bxb5 cxb5 26. Rd3 Bg5 27. d5 Rd7 28. d6 Rc8 29. Rd5 Rc2 30. Rxb5 Be3 31. Rxa5 Rf2+ 32. Ke1 f6 33. Bc3 Rxd6 34. Rd1 Rxd1+ 35. Kxd1 Rxg2 36. Ra8+ Kf7 37. Bb4 g6 38. Rf8+ Kg7 39. fxg6 Rxg6 40. Re8 Rg3 41. Re7+ Kg6 42. Rxb7 Rxh3 43. a4 f5 44. a5 f4 45. Ke2 Bd4 46. Be1 f3+ 47. Kd1 Rh1 48. Kd2 Bc3+ 49. Ke3 Rxe1+ 50. Kxf3 Bxa5 51. b4 Bd8 52. Rd7 Bf6 53. b5 Rb1 54. Rd5 h5 55. Kf4 Rb3 56. Rc5 h4 0-1

[Event "Laval op"]
[Site "Laval CAN"]
[Date "2015.06.21"]
[Round "5"]
[White "Bolduc, Steve"]
[Black "Yu, Zong Yang"]
[Result "0-1"]
[WhiteElo "2188"]
[BlackElo "2177"]
[PlyCount "64"]
[GameId "2160767908917366"]
[EventDate "2015.06.19"]
[EventType "swiss"]
[EventRounds "5"]
[EventCountry "CAN"]
[SourceTitle "hb 2015"]

1. c4 e5 2. g3 Nc6 3. Bg2 g6 4. Nc3 Bg7 5. e3 d6 6. Nge2 f5 7. d4 e4 8. f3 exf3 9. Bxf3 Nf6 10. O-O O-O 11. Nf4 Kh8 12. Rb1 a5 13. a3 Rb8 14. b4 axb4 15. axb4 Ne7 16. b5 g5 17. Nfd5 Be6 18. Qd3 Qd7 19. Bg2 Ng6 20. b6 c6 21. Nc7 Bf7 22. e4 fxe4 23. Nxe4 Nxe4 24. Bxe4 Qg4 25. Rb4 c5 26. dxc5 dxc5 27. Ra4 Ne5 28. Bf5 Bxc4 29. Qc2 Qe2 30. Qxe2 Bxe2 31. Rf2 Bd1 32. Ra7 Nf3+ 0-1

[Event "McGill op"]
[Site "Montreal CAN"]
[Date "2015.05.01"]
[Round "1"]
[White "Dube, Daniel"]
[Black "Bolduc, Steve"]
[Result "0-1"]
[WhiteElo "1916"]
[BlackElo "2216"]
[PlyCount "74"]
[GameId "2160767908942646"]
[EventDate "2015.05.01"]
[EventType "swiss"]
[EventRounds "5"]
[EventCountry "CAN"]
[SourceTitle "EXT 2019"]
[Source "ChessBase"]
[SourceDate "2018.10.10"]
[SourceVersion "1"]
[SourceVersionDate "2018.10.10"]
[SourceQuality "1"]

1. e4 e5 2. Nf3 Nf6 3. Nc3 Nc6 4. a3 d6 5. h3 Be7 6. d4 O-O 7. d5 Nb8 8. Be2 a5 9. O-O Ne8 10. Bd3 g6 11. Bh6 Ng7 12. Qd2 f5 13. Ng5 f4 14. Ne6 Nxe6 15. dxe6 Bxe6 16. Bxf8 Bxf8 17. Qe2 Kg7 18. Qf3 Nc6 19. Ne2 g5 20. g4 Ne7 21. Kh2 Ng6 22. Ng1 Be7 23. Qe2 c6 24. Nf3 Qc7 25. Rh1 Rh8 26. Kg2 h5 27. gxh5 Rxh5 28. Nd4 f3+ 29. Qxf3 exd4 30. Kf1 Rh4 31. b4 a4 32. c3 dxc3 33. Bc2 b5 34. Rc1 Bf6 35. Re1 Be5 36. Qe3 Nf4 37. Rd1 Bxh3+ 0-1

[Event "McGill op"]
[Site "Montreal CAN"]
[Date "2015.05.02"]
[Round "2"]
[White "Bolduc, Steve"]
[Black "Zhou, Qiyu"]
[Result "0-1"]
[WhiteElo "2216"]
[BlackElo "2070"]
[PlyCount "78"]
[GameId "2160767908942658"]
[EventDate "2015.05.01"]
[EventType "swiss"]
[EventRounds "5"]
[EventCountry "CAN"]
[SourceTitle "EXT 2019"]
[Source "ChessBase"]
[SourceDate "2018.10.10"]
[SourceVersion "1"]
[SourceVersionDate "2018.10.10"]
[SourceQuality "1"]

1. d4 Nf6 2. Nf3 e6 3. Bg5 c5 4. c3 b6 5. e4 h6 6. Bxf6 Qxf6 7. Bd3 Bb7 8. Nbd2 Qd8 9. O-O Be7 10. Re1 O-O 11. Nf1 d6 12. Ne3 Nd7 13. d5 e5 14. g3 Qc7 15. c4 Rfe8 16. h4 Bf8 17. Nh2 Nf6 18. Qf3 Bc8 19. g4 Nh7 20. Qg3 Qd8 21. Nf3 g6 22. Kg2 Bd7 23. Rh1 a6 24. Rag1 b5 25. Nd2 Qa5 26. Nb3 Qxa2 27. Bc2 Qxb2 28. Rb1 Qc3 29. Rhc1 bxc4 30. Bd1 Qd3 31. Qf3 cxb3 32. Be2 Qd2 33. Rd1 Qa5 34. Nc4 Qd8 35. Rxb3 Bb5 36. Ra1 Qxh4 37. Na5 Reb8 38. Nc6 Bxe2 39. Nxb8 Bxf3+ 0-1

[Event "McGill op"]
[Site "Montreal CAN"]
[Date "2015.05.02"]
[Round "3"]
[White "Yao, Sammy"]
[Black "Bolduc, Steve"]
[Result "1-0"]
[WhiteElo "2005"]
[BlackElo "2216"]
[PlyCount "45"]
[GameId "2160767908942691"]
[EventDate "2015.05.01"]
[EventType "swiss"]
[EventRounds "5"]
[EventCountry "CAN"]
[SourceTitle "EXT 2019"]
[Source "ChessBase"]
[SourceDate "2018.10.10"]
[SourceVersion "1"]
[SourceVersionDate "2018.10.10"]
[SourceQuality "1"]

1. c4 e6 2. g3 d5 3. Bg2 c6 4. cxd5 exd5 5. Nf3 Nf6 6. O-O Bd6 7. d4 O-O 8. Nbd2 Re8 9. a3 b6 10. Re1 h6 11. Nf1 Bf5 12. Bf4 Bxf4 13. gxf4 Qd6 14. Ne5 Nbd7 15. Rc1 c5 16. dxc5 bxc5 17. e4 Be6 18. Nxd7 Nxd7 19. f5 d4 20. e5 Nxe5 21. Bxa8 Bxf5 22. Bg2 Re6 23. Ng3 1-0

[Event "Mauricie op"]
[Site "Trois-Rivieres CAN"]
[Date "2015.03.22"]
[Round "4"]
[White "Gachet, Sebastien"]
[Black "Bolduc, Steve"]
[Result "1-0"]
[WhiteElo "2307"]
[BlackElo "2289"]
[PlyCount "127"]
[GameId "2160767908959594"]
[EventDate "2015.03.20"]
[EventType "swiss"]
[EventRounds "5"]
[EventCountry "CAN"]

1. e4 c5 2. Nf3 Nc6 3. d4 cxd4 4. Nxd4 e5 5. Nb5 a6 6. Nd6+ Bxd6 7. Qxd6 Qf6 8. Qd3 Nge7 9. Nc3 d5 10. Nxd5 Nxd5 11. Qxd5 Nd4 12. Bd3 O-O 13. Be3 Rd8 14. Qa5 Be6 15. Bxd4 Rxd4 16. O-O Bc4 17. Qc7 Bxd3 18. cxd3 b5 19. Rad1 Rad8 20. f4 exf4 21. Rxf4 Qe6 22. b3 h6 23. Rf3 Rc8 24. Qf4 Rcd8 25. Re3 a5 26. Qf3 a4 27. Rb1 axb3 28. Rxb3 b4 29. h3 Qa6 30. Qe2 Rc8 31. Qb2 Rcd8 32. Rg3 Qd6 33. Rf3 Qc5 34. Kh1 h5 35. a3 bxa3 36. Rxa3 h4 37. Rc3 Qe5 38. Qc2 Rb4 39. Rf1 Rd7 40. Rc8+ Kh7 41. Qf2 Qg5 42. Rc5 Qe7 43. Rc3 Rdb7 44. Rc2 Rb1 45. Qf3 Qg5 46. Rcf2 R1b3 47. Rd1 g6 48. Qf4 Qh5 49. Rf3 Rb1 50. Rxb1 Rxb1+ 51. Kh2 Rb7 52. e5 Re7 53. d4 g5 54. Qf5+ Qg6 55. Qxg6+ Kxg6 56. Rf6+ Kg7 57. Rd6 Ra7 58. Kg1 Ra2 59. Kf1 Rd2 60. d5 Rd4 61. Rd8 Rf4+ 62. Kg1 Rf5 63. Re8 f6 64. d6 1-0

[Event "Montcalm op"]
[Site "Quebec CAN"]
[Date "2015.01.09"]
[Round "1"]
[White "Boulianne, Gabriel"]
[Black "Bolduc, Steve"]
[Result "1/2-1/2"]
[WhiteElo "1828"]
[BlackElo "2312"]
[PlyCount "107"]
[GameId "2160767908985023"]
[EventDate "2015.01.09"]
[EventType "swiss"]
[EventRounds "5"]
[EventCountry "CAN"]
[SourceTitle "EXT 2019"]
[Source "ChessBase"]
[SourceDate "2018.10.10"]
[SourceVersion "1"]
[SourceVersionDate "2018.10.10"]
[SourceQuality "1"]

1. e4 e5 2. Nf3 Nf6 3. Nc3 Nc6 4. Bc4 Nxe4 5. Nxe4 d5 6. Bxd5 Qxd5 7. Nc3 Qa5 8. h3 Bf5 9. d3 Bb4 10. Bd2 O-O 11. a3 Bxc3 12. Bxc3 Qd5 13. O-O Rad8 14. Re1 f6 15. Nh4 Bc8 16. Qf3 Qxf3 17. Nxf3 Rd5 18. Re2 g5 19. Rae1 h5 20. Nh2 Nd8 21. Re4 Ne6 22. h4 Kf7 23. hxg5 Nxg5 24. Rh4 Kg6 25. f4 exf4 26. Rxf4 Rf5 27. Rxf5 Bxf5 28. Nf3 Nxf3+ 29. gxf3 Rf7 30. Bb4 h4 31. Re7 b6 32. Rxf7 Kxf7 33. Be1 h3 34. Bg3 c6 35. Kf2 Bc8 36. Ke3 Ke6 37. Ke4 c5 38. Ke3 b5 39. b4 Kd5 40. c3 Kc6 41. Ke4 Be6 42. Ke3 Bd5 43. Kf2 Bb3 44. Bh4 Bc2 45. Bxf6 Bxd3 46. Kg3 Bf5 47. bxc5 a5 48. Bd8 b4 49. cxb4 a4 50. Be7 Kb5 51. Bf8 Bd7 52. Be7 Kc4 53. c6 Bc8 54. b5 1/2-1/2

[Event "Montcalm op"]
[Site "Quebec CAN"]
[Date "2015.01.10"]
[Round "2"]
[White "Bolduc, Steve"]
[Black "Dia, Jack"]
[Result "1-0"]
[WhiteElo "2312"]
[BlackElo "1880"]
[PlyCount "73"]
[GameId "2160767908985031"]
[EventDate "2015.01.09"]
[EventType "swiss"]
[EventRounds "5"]
[EventCountry "CAN"]
[SourceTitle "EXT 2019"]
[Source "ChessBase"]
[SourceDate "2018.10.10"]
[SourceVersion "1"]
[SourceVersionDate "2018.10.10"]
[SourceQuality "1"]

1. d4 d5 2. c4 c6 3. Nc3 Nf6 4. Nf3 dxc4 5. a4 Bf5 6. Ne5 Nbd7 7. Nxc4 Nb6 8. Ne5 a5 9. f3 Nbd7 10. e4 Bg6 11. Qb3 Qb6 12. Qxb6 Nxb6 13. Be3 Nbd7 14. h4 Nxe5 15. dxe5 Nh5 16. Kf2 f6 17. g4 fxe5 18. gxh5 Bxh5 19. Bh3 Bf7 20. Bc5 e6 21. Bxf8 Rxf8 22. Rhg1 Bh5 23. Bg4 Bf7 24. Rad1 Rd8 25. Ke3 Ke7 26. Bh3 Kf6 27. Rxd8 Rxd8 28. Rd1 Rb8 29. Rd7 h6 30. Bf1 Be8 31. Rc7 Bh5 32. Nd1 Be8 33. Nf2 Bh5 34. Ng4+ Bxg4 35. fxg4 b5 36. axb5 cxb5 37. Rc5 1-0

[Event "St-Jean op"]
[Site "Quebec CAN"]
[Date "2011.06.24"]
[Round "1"]
[White "Bleau, John"]
[Black "Bolduc, Steve"]
[Result "0-1"]
[WhiteElo "1982"]
[BlackElo "2302"]
[PlyCount "58"]
[GameId "2160767909704163"]
[EventDate "2011.06.24"]
[EventType "swiss"]
[EventRounds "5"]
[EventCountry "CAN"]

1. d4 Nf6 2. c4 e6 3. g3 d5 4. Bg2 Bb4+ 5. Bd2 Be7 6. Nf3 O-O 7. Qc2 a6 8. O-O dxc4 9. Qxc4 b5 10. Qc2 Bb7 11. e3 Be4 12. Qc1 Qc8 13. Nc3 Bc6 14. Ne5 Bxg2 15. Kxg2 c5 16. dxc5 Qxc5 17. Nf3 Nbd7 18. Ne2 Qb6 19. Ned4 Rfc8 20. Qe1 g6 21. Rc1 e5 22. Nb3 e4 23. Nfd4 Ne5 24. Qe2 Nd3 25. Rxc8+ Rxc8 26. Ba5 Qb7 27. Qd2 Ng4 28. a3 Nge5 29. Nc1 Nc4 0-1

[Event "St-Jean op"]
[Site "Quebec CAN"]
[Date "2011.06.25"]
[Round "2"]
[White "Bolduc, Steve"]
[Black "Chiffot, Nicolas"]
[Result "1-0"]
[WhiteElo "2302"]
[BlackElo "2079"]
[PlyCount "35"]
[GameId "2160767909704165"]
[EventDate "2011.06.24"]
[EventType "swiss"]
[EventRounds "5"]
[EventCountry "CAN"]

1. d4 Nf6 2. c4 g6 3. g3 Bg7 4. Bg2 d5 5. cxd5 Nxd5 6. Nf3 O-O 7. O-O Nc6 8. Nc3 Nb6 9. e3 Re8 10. Re1 a5 11. h3 e5 12. d5 Nb4 13. e4 c6 14. a3 Na6 15. Bf1 Bd7 16. Bg5 f6 17. Be3 Bf8 18. dxc6 1-0

[Event "St-Jean op"]
[Site "Quebec CAN"]
[Date "2011.06.25"]
[Round "3"]
[White "Lessard, Claude"]
[Black "Bolduc, Steve"]
[Result "0-1"]
[WhiteElo "2061"]
[BlackElo "2302"]
[PlyCount "61"]
[GameId "2160767909704171"]
[EventDate "2011.06.24"]
[EventType "swiss"]
[EventRounds "5"]
[EventCountry "CAN"]

1. d4 Nf6 2. c4 e6 3. Nc3 Bb4 4. e3 c5 5. Nge2 b6 6. a3 Ba5 7. Rb1 Na6 8. f3 O-O 9. Kf2 d5 10. g4 dxc4 11. h4 Bb7 12. Bg2 Qe7 13. h5 Rad8 14. Qg1 b5 15. g5 Nd5 16. Nxb5 Bb6 17. e4 cxd4 18. exd5 d3+ 19. Ned4 Rxd5 20. Be3 e5 21. Nf5 Bxe3+ 22. Nxe3 Rxb5 23. Bh3 Qc5 24. Qe1 Qd4 25. Qd2 Qh4+ 26. Kg2 Qxg5+ 27. Kf2 Qh4+ 28. Kg2 e4 29. f4 Qxf4 30. Rhf1 Rg5+ 31. Kh1 0-1